U.S. States - Type the First Letter - Statistics

General Stats
  • This quiz has been taken 324 times
  • The average score is 40 of 50
Answers on the Map
Answers color-coded by a green-red scale on the quiz's map according to % correct below.
 
Answer Stats
States % Correct
Alabama
97%
Alaska
97%
Arizona
97%
Arkansas
97%
Illinois
87%
Idaho
86%
Indiana
86%
Iowa
86%
Nebraska
86%
Nevada
86%
New Hampshire
86%
New Jersey
86%
New Mexico
86%
New York
86%
North Carolina
86%
North Dakota
86%
Maine
85%
Maryland
85%
Massachusetts
85%
Michigan
85%
Minnesota
85%
Mississippi
85%
Missouri
85%
Montana
85%
Ohio
84%
Oklahoma
84%
Oregon
84%
California
83%
Colorado
83%
Connecticut
83%
Florida
82%
South Carolina
79%
South Dakota
79%
Washington
79%
West Virginia
79%
Wisconsin
79%
Wyoming
79%
Tennessee
75%
Texas
75%
Hawaii
73%
Delaware
72%
Kansas
72%
Kentucky
72%
Louisiana
71%
Georgia
69%
Pennsylvania
69%
Utah
66%
Rhode Island
58%
Vermont
51%
Virginia
51%
No matching quizzes found
Score Distribution
Percent of People with Each Score
Percentile by Number Answered
Your Score History
You have not taken this quiz